000 00677nam a22001937a 4500
003 OSt
005 20251105060854.0
008 251105b |||||||| |||| 00| 0 eng d
020 _a978-621-427-011-8
040 _aDWCL-Main lib
_cOC
082 _aFil. 658.3 A778i 2018
100 _aArroyo, Clara
245 _aIntroduction to human resource management/
_cClara Arroyo
260 _a Manila, Philippines :
_bUnlimited books library services & publishing ,
_cc2018.
300 _axii, 214 pages : illustrations ; 25cm.
_b illustrations ;
_c25cm
504 _aIncludes bibliographical references
650 _a1. Personnel management
942 _2ddc
_cBK - FIL
_kFil.
_n0
999 _c5490
_d5490